Every team that participated in a CS:GO Major - Statistics

General Stats
  • This quiz has been taken 47 times
    39 since last reset
  • The average score is 267 of 369
Answer Stats
Major Participating Teams % Correct
ELEAGUE Major: Atlanta 2017 | ESL One: Cologne 2016 | FACEIT Major: London 2018 | +5 others Astralis
100%
Fnatic
100%
G2 Esports
100%
Natus Vincere
100%
ELEAGUE Major: Boston 2018 100 Thieves (forfeited)
95%
FaZe Clan
95%
Ninjas in Pyjamas
95%
Team Vitality
95%
Virtus.pro
95%
Gambit Esports
91%
Luminosity Gaming
91%
mousesports
91%
MOUZ
91%
DreamHack Open Cluj-Napoca 2015 | ESL One: Cologne 2014 | ESL One: Cologne 2015 Cloud9
86%
Team Liquid
86%
BIG
82%
Cloud9 (forfeited)
82%
compLexity
82%
compLexity Gaming
82%
Complexity Gaming
82%
ENCE
82%
GamerLegion
82%
Heroic
82%
Team EnVyUs
82%
Team EnvyUs
82%
Team Liquid
82%
North
77%
Outsiders
77%
Renegades
77%
SK Gaming
77%
Team SoloMid
77%
Titan
77%
Apeks
73%
FURIA Esports
73%
Furia Esports
73%
Immortals
73%
Team iBUYPOWER
73%
Team LDLC.com
73%
Team Spirit
73%
The MongolZ
73%
TYLOO
68%
Copenhagen Wolves
64%
Grayhound Gaming
64%
HellRaisers
64%
Into the Breach
64%
NRG Esports
64%
OpTic Gaming
64%
Space Soldiers
64%
Blast.tv Paris Major 2023 9INE
59%
Copenhagen Flames
59%
Evil Geniuses
59%
FlipSid3 Tactics
59%
AVANGAR
55%
MIBR
55%
OG
55%
Team Dignitas
55%
Team Kinguin
55%
Eternal Fire
50%
FORZE Esports
50%
Imperial Esports
50%
Monte
50%
paiN Gaming
50%
Grayhound Gaming
45%
Reason Gaming
45%
Sprout
45%
VeryGames
45%
Bad News Eagles
41%
Counter Logic Gaming
41%
IHC Esports
41%
IHC Esports
41%
LGB eSports
41%
Vega Squadron
41%
Winstrike Team
41%
ESL Major Series One Katowice 2014 | ESL One: Katowice 2015 3DMAX
36%
PGL Major Antwerp 2022 9Z Team
36%
Fluxo
36%
GODSENT
36%
PENTA Sports
36%
Misfits Gaming
32%
Quantum Bellator Fire
32%
Intel Extreme Masters Rio 2022 00 Nation
27%
DreamHack Winter 2013 Astana Dragons
27%
Clan-Mystik
27%
CR4ZY
27%
Rogue
27%
Vox Eminor
27%
DreamHack Winter 2014 Bravado Gaming
23%
DreamEaters
23%
London Conspiracy
23%
Movistar Riders
23%
Splyce
23%
Universal Soldiers
23%
Entropiq
18%
INTZ eSports
18%
Sharks Esports
18%
Team eBettle
18%
Vexed Gaming
18%
ViCi Gaming
18%
dAT Team
14%
Epsilon eSports
14%
ESC Gaming
14%
Flash Gaming
14%
Keyd Stars
14%
myXMG
14%
n!faculty
14%
Planetkey Dynamics
14%
Recursive eSports
14%
Syman Gaming
14%
Team Wolf
14%
Team Immunity
9%
Xapso
9%
No matching quizzes found
Score Distribution
Percent of People with Each Score
Percentile by Number Answered
Your Score History
You have not taken this quiz since the last reset